00401 a2200145 4500003000500000005001700005040000900022082001600031100002800047245008200075260003500157300001000192600003600202650001700238Nust20221208092644.0 cNust a297.122,ALZ aPir Mohammad Karam Shah aZia-ul-Quranb ( Jild ) Vol: 1, 2 ,4,5 / cPir Muhammad Karam Shah Alazhri apakistan(Lahore)bZia-ul-Quran a672:p aPir Muhammad karam Shah Alzahar aZia ul Quran